| 000 | 00576nam a2200133Ia 4500 | ||
|---|---|---|---|
| 008 | 171212s9999 xx 000 0 und d | ||
| 100 | _aSarbadhikary, Sukanya | ||
| 245 |
_cSarbadhikary, Sukanya _aPlace of Devotion _bSiting and Experiencing Divinity in Bengal-Vaishnavism |
||
| 260 |
_bUniversity of California Press _c2015 |
||
| 440 | _aSouth Asia Across the Disciplines | ||
| 650 | _aSociology | ||
| 650 | _aVaishnavism -- India -- Bengal; Sacred space -- India -- Bengal; Anthropology of religion -- India -- Bengal | ||
| 856 | _uhttp://jstor.org/stable/10.1525/j.ctt1ffjn1f | ||
| 999 |
_c352978 _d352978 |
||